000
00298nam a2200121 a 4500
008
110104s1981|||| d
100
1
_a
Lenin, V. I.
245
1
0
_a
Zobrané spisy 9
_b
Júl 1904 - marec 1905
260
_b
Pravda
_a
Bratislava
_c
1981
020
_c
17
044
_a
xo
_c
SK
041
_a
slo
999
_c
15430
_d
15430